Cenné papiere v účtovníctve podnikateľských subjektov podľa právnej úpravy Slovenskej republiky
Saved in:
| Main Author: | |
|---|---|
| Other Authors: | |
| Format: | Book Chapter |
| Language: | Slovak |
| Tags: |
No Tags, Be the first to tag this record!
|
MARC
| LEADER | 00000naa$a2200000$$$4500 | ||
|---|---|---|---|
| 001 | 0118849 | ||
| 005 | 20240502083310.1 | ||
| 041 | 0 | |a slo | |
| 044 | |a CZ | ||
| 245 | 1 | 0 | |a Cenné papiere v účtovníctve podnikateľských subjektov podľa právnej úpravy Slovenskej republiky |c Oľga Kadlečíková, Jarmila Krasňanská |
| 100 | 1 | |a Kadlečíková, Oľga, 1973- | |
| 700 | 1 | |a Krasňanská, Jarmila | |